[Event "Crema op 15th"]
[Site "Crema"]
[Date "2013.09.01"]
[Round "5"]
[White "Impellizzeri, Francesco"]
[Black "Agnelli, Francesco"]
[Result "0-1"]
[WhiteElo "1872"]
[BlackElo "2035"]
[PlyCount "88"]
[EventDate "2013.08.30"]
[EventType "swiss"]
[EventRounds "6"]
[EventCountry "ITA"]
[SourceTitle "EXT 2015"]
[Source "ChessBase"]
[SourceDate "2014.11.20"]
[SourceVersion "1"]
[SourceVersionDate "2014.11.20"]
[SourceQuality "1"]

1. c4 Nf6 2. Nf3 g6 3. g3 Bg7 4. Bg2 d6 5. Nc3 0-0 6. 0-0 Nc6 7. Rb1 a5 8. d3 e5 9. Bg5 h6 10. Bd2 Re8 11. Ne1 Nd4 12. e3 Ne6 13. Nf3 Nc5 14. Qc2 Bf5 15. e4 Bg4 16. h3 Be6 17. b3 Qd7 18. Kh2 Nh5 19. Ng1 f5 20. f4 exf4 21. gxf4 g5 22. Nce2 Qe7 23. Rbe1 fxe4 24. dxe4 gxf4 25. Nxf4 Be5 26. Kh1 Ng3+ 27. Kh2 Nxf1+ 28. Rxf1 Rf8 29. Kh1 Bxf4 30. Bxf4 Qh4 31. Qd2 Rf6 32. Kh2 Raf8 33. Bg3 Qh5 34. Rxf6 Rxf6 35. Qxa5 b6 36. Qa8+ Rf8 37. Qc6 Qf7 38. e5 dxe5 39. Bxe5 Rd8 40. Bg3 Nd3 41. Nf3 Nf4 42. Ne5 Qf5 43. Bxf4 Qxf4+ 44. Kg1 Qxe5 0-1

[Event "Crema op 15th"]
[Site "Crema"]
[Date "2013.09.01"]
[Round "6"]
[White "Palma, Maria"]
[Black "Impellizzeri, Francesco"]
[Result "1/2-1/2"]
[WhiteElo "1646"]
[BlackElo "1872"]
[PlyCount "70"]
[EventDate "2013.08.30"]
[EventType "swiss"]
[EventRounds "6"]
[EventCountry "ITA"]
[SourceTitle "EXT 2015"]
[Source "ChessBase"]
[SourceDate "2014.11.20"]
[SourceVersion "1"]
[SourceVersionDate "2014.11.20"]
[SourceQuality "1"]

1. e4 e6 2. d4 d5 3. Nc3 Be7 4. e5 Nc6 5. Be3 Bd7 6. a3 f6 7. f4 Nh6 8. Nf3 0-0 9. Be2 fxe5 10. fxe5 Nf5 11. Bf2 Nh4 12. 0-0 Nxf3+ 13. Bxf3 Bg5 14. Qe2 Ne7 15. Rad1 Nf5 16. Bg4 Qe7 17. Bxf5 Rxf5 18. Be3 Raf8 19. Rxf5 Rxf5 20. Rf1 Rxf1+ 21. Kxf1 h6 22. Qd2 Qf7+ 23. Kg1 Be7 24. Bg5 Bf8 25. Qd3 Qh5 26. Be3 Bc8 27. Qf1 c5 28. Qe2 Qf5 29. g4 Qf7 30. dxc5 Qc7 31. Bd4 Bxc5 32. Bxc5 Qxc5+ 33. Qf2 Qc4 34. h3 Qc7 35. Qe2 Qb6+ 1/2-1/2

[Event "Bergamo op"]
[Site "Bergamo"]
[Date "2007.10.19"]
[Round "3"]
[White "Stefanelli, Alfredo"]
[Black "Impellizzeri, Francesco"]
[Result "0-1"]
[WhiteElo "1778"]
[BlackElo "1760"]
[PlyCount "110"]
[EventDate "2007.10.05"]
[EventType "swiss"]
[EventRounds "7"]
[EventCountry "ITA"]
[SourceTitle "EXT 2009"]
[Source "ChessBase"]
[SourceDate "2008.11.26"]
[SourceVersion "1"]
[SourceVersionDate "2008.11.26"]
[SourceQuality "1"]

1. d4 d5 2. c4 c6 3. Nf3 Nf6 4. Nc3 e6 5. Bg5 h6 6. Bh4 dxc4 7. e3 b5 8. a4 Bb4 9. Qc2 Bb7 10. Be2 Nbd7 11. 0-0 a6 12. Rfd1 Qe7 13. e4 g5 14. Bg3 Nh5 15. Be5 0-0 16. Na2 Ba5 17. h3 Nxe5 18. Nxe5 Nf4 19. Bf3 f6 20. Ng4 Qg7 21. e5 fxe5 22. dxe5 Bd8 23. Rd6 h5 24. Ne3 Qxe5 25. Rd7 Rf7 26. Rxf7 Kxf7 27. Qh7+ Qg7 28. Bxh5+ Kf8 29. Qxg7+ Kxg7 30. Bg4 Kf7 31. Nc3 Bf6 32. Rd1 Nd3 33. Rd2 Ke7 34. Be2 Nxb2 35. Ne4 c3 36. Rc2 Nxa4 37. Ng4 Bd4 38. Nxg5 b4 39. Bc4 Bc8 40. Nf3 c5 41. Ne1 Nb6 42. Ba2 c4 43. Re2 b3 44. Bb1 c2 45. Bxc2 bxc2 46. Nxc2 Bc5 47. Re5 Nd5 48. h4 Bd7 49. h5 a5 50. h6 Kd6 51. h7 Rh8 52. Rh5 Be8 53. Rh2 Bg6 54. Nh6 Rxh7 55. g4 Bxc2 0-1

[Event "Bergamo Province-ch"]
[Site "Bergamo"]
[Date "2006.10.20"]
[Round "3"]
[White "Salvetti, Carlo"]
[Black "Impellizzeri, Francesco"]
[Result "0-1"]
[WhiteElo "1377"]
[BlackElo "1688"]
[PlyCount "38"]
[EventDate "2006.10.06"]
[EventType "swiss"]
[EventRounds "9"]
[EventCountry "ITA"]
[SourceTitle "EXT 2011"]
[Source "ChessBase"]
[SourceDate "2010.11.26"]
[SourceVersion "1"]
[SourceVersionDate "2010.11.26"]
[SourceQuality "1"]

1. e4 e6 2. d4 d5 3. e5 c5 4. c4 cxd4 5. cxd5 Qxd5 6. Nf3 Nc6 7. a3 a5 8. Nbd2 Nh6 9. Qb3 Qd8 10. Bb5 Nf5 11. 0-0 h5 12. Ne4 Be7 13. Rd1 0-0 14. Qc4 Qb6 15. Bg5 Bxg5 16. Nexg5 Rd8 17. Rac1 Bd7 18. Ne4 Nxe5 19. Nxd4 Nxc4 0-1

[Event "Bergamo Province-ch"]
[Site "Bergamo"]
[Date "2006.10.06"]
[Round "1"]
[White "Impellizzeri, Francesco"]
[Black "Brambilla, Augusto"]
[Result "1-0"]
[WhiteElo "1688"]
[BlackElo "1374"]
[PlyCount "71"]
[EventDate "2006.10.06"]
[EventType "swiss"]
[EventRounds "9"]
[EventCountry "ITA"]
[SourceTitle "EXT 2011"]
[Source "ChessBase"]
[SourceDate "2010.11.26"]
[SourceVersion "1"]
[SourceVersionDate "2010.11.26"]
[SourceQuality "1"]

1. d4 d5 2. c4 Nf6 3. cxd5 Nxd5 4. e4 Nb6 5. Nf3 Bg4 6. Be2 N8d7 7. 0-0 c6 8. Nc3 h6 9. Re1 e6 10. d5 exd5 11. exd5 Bd6 12. dxc6 Nc5 13. cxb7 Nxb7 14. Bb5+ Kf8 15. Re8+ Qxe8 16. Bxe8 Rxe8 17. Be3 Rd8 18. Qe2 g6 19. h3 Be6 20. Qa6 Nc5 21. Qxa7 Rb8 22. Bxc5 Nc8 23. Bxd6+ Nxd6 24. Qxb8+ Ne8 25. Nd4 Bd7 26. Re1 Kg7 27. Qe5+ Nf6 28. Nd5 Re8 29. Qxf6+ Kg8 30. Rxe8+ Bxe8 31. Qe7 Ba4 32. b3 Bxb3 33. axb3 Kg7 34. Ne6+ Kg8 35. Qf8+ Kh7 36. Qg7# 1-0

[Event "Bergamo Province-ch"]
[Site "Bergamo"]
[Date "2004.11.19"]
[Round "7"]
[White "Elitropi, Giorgio"]
[Black "Impellizzeri, Francesco"]
[Result "1/2-1/2"]
[WhiteElo "1870"]
[BlackElo "1658"]
[PlyCount "79"]
[EventDate "2004.10.08"]
[EventType "swiss"]
[EventRounds "8"]
[EventCountry "ITA"]
[SourceTitle "EXT 2023"]
[Source "ChessBase"]
[SourceDate "2022.10.05"]
[SourceVersion "1"]
[SourceVersionDate "2022.10.05"]
[SourceQuality "1"]

1. f4 d5 2. Nf3 Nf6 3. e3 g6 4. Be2 Bg7 5. 0-0 0-0 6. d3 Bg4 7. c3 c5 8. h3 Bxf3 9. Bxf3 Nc6 10. d4 cxd4 11. exd4 e6 12. Qd3 Qc7 13. Na3 a6 14. Be3 b5 15. Nc2 Na5 16. Rad1 Rfc8 17. Ne1 Nc4 18. Bc1 a5 19. a3 Bf8 20. Nc2 Rab8 21. Ne3 Nd6 22. Bd2 Nde4 23. Bxe4 Nxe4 24. Rc1 Qe7 25. Ng4 f6 26. Be1 h5 27. Nf2 f5 28. Nxe4 fxe4 29. Qg3 Qf7 30. Bd2 Bd6 31. Qg5 Qf5 32. Qxf5 exf5 33. h4 a4 34. g3 Rc4 35. Kf2 Kf7 36. Ke3 Re8 37. Rh1 Be7 38. Rhf1 Ke6 39. Rh1 Kd7 40. Rhf1 1/2-1/2

[Event "Bergamo Province-ch"]
[Site "Bergamo"]
[Date "2003.10.31"]
[Round "4"]
[White "Impellizzeri, Francesco"]
[Black "Gozzini, Giambattista"]
[Result "0-1"]
[WhiteElo "1570"]
[BlackElo "1600"]
[PlyCount "108"]
[EventDate "2003.10.10"]
[EventType "swiss"]
[EventRounds "8"]
[EventCountry "ITA"]
[SourceTitle "EXT 2023"]
[Source "ChessBase"]
[SourceDate "2022.10.05"]
[SourceVersion "1"]
[SourceVersionDate "2022.10.05"]
[SourceQuality "1"]

1. d4 Nf6 2. c4 g6 3. Nc3 Bg7 4. e4 d6 5. f3 0-0 6. Be3 e5 7. d5 c6 8. Bd3 Na6 9. Nge2 cxd5 10. cxd5 b6 11. 0-0 Nc5 12. Bb5 Bd7 13. a4 a5 14. Ra3 Ne8 15. Qd2 Nc7 16. Bxd7 Qxd7 17. f4 Rfe8 18. f5 gxf5 19. exf5 f6 20. Ng3 b5 21. axb5 Nxb5 22. Nxb5 Qxb5 23. Qf2 Rec8 24. Rc1 Nb3 25. Rc3 Rxc3 26. bxc3 a4 27. Qf3 Nc5 28. Ra1 Qb2 29. Rf1 Qxc3 30. Nh5 Ra7 31. Qg3 Ne4 32. Nxf6+ Nxf6 33. Bxa7 Qxg3 34. hxg3 Nxd5 35. Rd1 Nc3 36. Rxd6 a3 37. f6 a2 38. Ra6 Bxf6 39. Bc5 e4 40. Ra8+ Kg7 41. Bf8+ Kf7 42. Bb4 Ne2+ 43. Kf2 a1Q 44. Rxa1 Bxa1 45. Kxe2 Ke6 46. Bc5 Kf5 47. Bf2 Ke5 48. Kd2 h5 49. Be3 Bd4 50. Ke2 Bxe3 51. Kxe3 Kf5 52. Ke2 Kg4 53. Kf2 e3+ 54. Kxe3 Kxg3 0-1

[Event "Bergamo Province-ch"]
[Site "Bergamo"]
[Date "2003.10.24"]
[Round "3"]
[White "Impellizzeri, Francesco"]
[Black "Del Monte, Jorge Luis"]
[Result "0-1"]
[WhiteElo "1570"]
[BlackElo "2046"]
[PlyCount "51"]
[EventDate "2003.10.10"]
[EventType "swiss"]
[EventRounds "8"]
[EventCountry "ITA"]
[SourceTitle "EXT 2023"]
[Source "ChessBase"]
[SourceDate "2022.10.05"]
[SourceVersion "1"]
[SourceVersionDate "2022.10.05"]
[SourceQuality "1"]

1. d4 Nf6 2. c4 c5 3. d5 b5 4. Nf3 g6 5. g3 bxc4 6. Nc3 Bg7 7. e4 d6 8. Bxc4 0-0 9. h3 Nbd7 10. Be3 Rb8 11. Qd2 Qa5 12. Rc1 Qb4 13. b3 Nb6 14. Be2 Nxe4 15. Nxe4 Qxe4 16. Rd1 e6 17. dxe6 Bxe6 18. Qxd6 Nd5 19. Rxd5 Qxd5 20. Qxd5 Bxd5 21. 0-0 Rbc8 22. Rc1 Rfe8 23. Kf1 Bd4 24. Nxd4 cxd4 25. Rxc8 Rxc8 26. Bxd4 0-1

[Event "Bergamo Province-ch"]
[Site "Bergamo"]
[Date "2003.10.10"]
[Round "1"]
[White "Villa, Claudio"]
[Black "Impellizzeri, Francesco"]
[Result "0-1"]
[WhiteElo "1728"]
[BlackElo "1570"]
[PlyCount "99"]
[EventDate "2003.10.10"]
[EventType "swiss"]
[EventRounds "8"]
[EventCountry "ITA"]
[SourceTitle "EXT 2023"]
[Source "ChessBase"]
[SourceDate "2022.10.05"]
[SourceVersion "1"]
[SourceVersionDate "2022.10.05"]
[SourceQuality "1"]

1. b3 c5 2. Bb2 Nc6 3. Nf3 Nf6 4. c4 g6 5. Nc3 e6 6. e3 Bg7 7. d4 cxd4 8. Nxd4 0-0 9. a3 Nxd4 10. exd4 d5 11. c5 a6 12. Bd3 Nd7 13. Bc2 Qh4 14. Na4 b5 15. cxb6 Rb8 16. 0-0 Nxb6 17. Nxb6 Rxb6 18. f4 a5 19. Qd2 a4 20. b4 Bd7 21. Rac1 Rc8 22. Bd3 Rbb8 23. Ba6 Rxc1 24. Rxc1 Qd8 25. Rc5 Bf8 26. Rc3 Qb6 27. Be2 Bb5 28. Bd1 Qa6 29. h4 h5 30. Rg3 Kh7 31. Bc2 Rc8 32. Rg5 Kh6 33. f5 exf5 34. Rxg6+ Kxg6 35. Qg5+ Kh7 36. Bxf5+ Kh8 37. Qxh5+ Kg7 38. Qg4+ Kh8 39. Bxc8 Qh6 40. Qg5 Qc6 41. Bf5 Bh6 42. Qh5 Kg7 43. Qd1 Be3+ 44. Kh1 Qh6 45. Qe1 Qf4 46. g3 Qf3+ 47. Kh2 Be2 48. Qc3 Qf2+ 49. Kh3 Qf1+ 50. Kh2 0-1